000 00322nam a22001457a 4500
003 SGT
020 _a978-0-323-39321-8
082 _a611
_bA19N
100 _aNATTER, FRANK
245 _aATLAS OF HUMAN ANATOMY
260 _aPHILADELPHIA
_bELSEVIER
_c2019
300 _a535
650 _aANATOMY
942 _2ddc
_cBK
_075
999 _c15520
_d15520